000 00469nam a22001697a 4500
005 20251108170626.0
008 250721s1975 xx 000 0 eng d
082 1 4 _a949.4/HIS
245 1 4 _aThe Historical Evolution :
_bPolitical Institutions /
264 1 _aLausanne :
_bSwiss Office for the development,
_c1975.
300 _a153p : ill
490 0 _aFocus on Switzerland ; 2
650 1 7 _aHistory
650 1 7 _aSwitzerland
942 _2ddc
_cBK
999 _c45116
_d45116